Fr. Conceicao Rodrigues College of Engineering

Powder coating (Record no. 32593)

MARC details
000 -LEADER
fixed length control field 00274nam a2200133Ia 4500
082 ## - DEWEY DECIMAL CLASSIFICATION NUMBER
Classification number 667.9
Item number MIL
100 ## - MAIN ENTRY--PERSONAL NAME
Personal name Miller E.P.
245 ## - TITLE STATEMENT
Title Powder coating
260 ## - PUBLICATION, DISTRIBUTION, ETC.
Name of publisher, distributor, etc. Society Of Manufacturing Engineers
300 ## - PHYSICAL DESCRIPTION
Extent 287
546 ## - LANGUAGE NOTE
Language note ENGLISH
942 ## - ADDED ENTRY ELEMENTS (KOHA)
Koha item type BOOK
Holdings
Withdrawn status Lost status Damaged status Not for loan Collection Home library Current library Date acquired Total Checkouts Full call number Barcode Date last seen Price effective from Koha item type
        CRC Fr. Agnel's C.Rodrigues College of Engineering Fr. Agnel's C.Rodrigues College of Engineering 17/03/2023   667.9 MIL 13326 17/03/2023 17/03/2023 BOOK
        CRC Fr. Agnel's C.Rodrigues College of Engineering Fr. Agnel's C.Rodrigues College of Engineering 17/03/2023   667.9 MIL 13327 17/03/2023 17/03/2023 BOOK